Late Romantic Composers - Statistics

General Stats
  • This quiz has been taken 1,285 times
  • The average score is 7 of 14
Answer Stats
Compositions Composer % Correct
Symphonies 1-7, "Finlandia", "Tapiola", "Violin Concerto in D minor" Jean Sibelius
84%
"Peer Gynt: Suites No.1-2", "Holdberg Suite", "Norwegian Folk Tunes", "Sketches of Norwegian Life", "Piano Concerto in A minor" Edvard Grieg
83%
"Tosca", "La bohème", "Madame Butterfly", "Turandot" Giacomo Puccini
76%
Symphonies 1-3, Piano Concertos 1-5, "Samson et Delilah", "Danse Macabre", "La Carnaval des Animaux", "The Assassination of the Duke of Guise" Camille Saint-Saëns
75%
"Also sprach Zarathustra", "Tod und Verklärung", "Don Juan", "Don Quixote", "Till Eulenspiegels lustige Streiche", "Salome", "Der Rosenkavalier", "Metamorphosen", "Vier letzte Lieder" Richard Strauss
72%
Symphonies 1-9, "Lieder eines fahrenden Gesellen", "Kindertotenlieder", "Das Lied von der Erde" Gustav Mahler
68%
Symphonies 1-9, "Slavonic Dances", "Cello Concerto in B minor", "Rusalka", "Serenade for Strings", "Cypress Trees" Antonin Dvořák
65%
"Requiem", "Pelléas et Mélisande", "Masques et bergamasques", "Pavane", "Clair de Lune" Gabriel Fauré
44%
Violin Concertos 1-3, "Scottish Fantasy", "Kol Nidrei" Max Bruch
34%
"Symphonie Espagnole", "Violin Concerto in F", "Le roi d'Ys" Édouard Lalo
33%
"Noches en los jardines de España", "El amor brujo", "Harpsichord Concerto", "El sombrero de tres", "El retablo de Maese Pedro" Manuel de Falla
27%
"Italienisches Liederbuch", "Spanisches Liederbuch", "Goethe-Lieder", "Mörike-Lieder" Hugo Wolf
23%
Symphonies 1-6, "Violin Concerto", "Flute Concerto", "Clarinet Concerto", "Helios Overture" Carl Nielsen
18%
"Piano Concerto in C Major", "Fantasia contrappuntistica", "Doktor Faust", "Turandot Suite", "Elegies" Ferruccio Busoni
14%
No matching quizzes found
Score Distribution
Percent of People with Each Score
Percentile by Number Answered
Your Score History
You have not taken this quiz